000 01023nam0a22002531 4500
001 rc\3943107
005 20250611032313.0
021 _aRU
_b[56-35681]
035 _a(NLR Aleph) 008039356
090 _a8871210
_c8871210
100 _a20130415d1956 |||y0rusy50 ca
101 0 _arus
102 _aRU
105 _ay z |||||
200 1 _aТезисы докладов
_fМ-во здравоохранения РСФСР. Ленингр. гор. отд. здравоохранения. Акад. мед. наук СССР. Ин-т онкологии. 1-я Ленингр. гор. онкол. конференция. 7-8 июня 1956 г.
210 _aЛенинград
_cБ. и.
_d1956
215 _a38 с.
_d20
606 _aОнкология
_jТезисы докладов
_2psbo
710 1 2 _aЛенинградская гор. онкологическая конференция (1; 1956)
801 0 _aRU
_bNLR
_gpsbo
801 1 _aRU
_bELAR
_2rusmarc
852 _aNLR
_jМд40 Г-4/1606
942 _cBOOK
980 _aNB